1008 1138 1686 1303 1933 1693 1301 1260 1905 1056 1811 1758 1814 1995 1538 1763 1955 1095 1044 1237 1037 1290 1700 1064 1404 1343 1220 1818 1721 1797 1958 1805 1460 1552 1298 1482 1719 1675 1323 1023 1859 1942 1468 1114 1572 1447 1469 1441 1151 1433 1782 1785 1687 1920 1198 1737 1310 1136 1437 1968 1160 1539 1666 1559 1974 1267 1907 1256 1511 1604 1119 1767 1018 1208 1152 1465 1590 1944 1984 1073 1494 1712 1392 1995 1144 1613 1940 1693 1281 1414 1076 1748 1883 1922 1194 1824 1335 1089 1503 BCNSPRNW ULIB Ver.6.0+V

เปลี่ยนเป็นภาษาไทย

Change to English
 แสดงรายละเอียดบรรณานุกรม
  กลับหน้าหลัก

Brief Record : Get Marc (ISO 2709) : E-mail record : QR code < ปิดหน้าต่าง
LEADER : 00000nam 2200000uu 4500
001    13399114701
003     ULIB
008    110627s2552||||th 000 0 tha d
099    วจ.WY18^bว387พ
100 0  วัชรีพร อ่อนสด
245 00 พฤติกรรมเอื้ออาทรในการดูแลผู้ป่วยโรคจิตเภท ของนักศึกษาพยาบาล วิทยาลัยพยาบาลบรมราชชนนี สวรรค์ประชารักษ์ นครสวรรค์/^cวัชรีพร อ่อนสด
260    นครสวรรค์ :^bวิทยาลัยพยาบาลบรมราชชนนี สวรรค์ประชารักษ์,^c2552
300    66 หน้า
650  7 การดูแลแบบเอื้ออาทร^xผู้ป่วยโรคจิตเภท^xวิจัย
650  7 วิทยาลัยพยาบาลบรมราชชนนี สวรรค์ประชารักษ์
700 0  สุภาเพ็ญ ปาณะวัฒนพิสุทธิ์
945    ^p0^l0^i031716
945    ^p0^l0^i026545
995    ทศพร
999 ^a ใช้งานได้ทุกระบบ
รายการนี้ยังไม่มีแท็ก
คุณยังไม่ได้ล็อกอิน คุณสามารถมีกิจกรรมร่วมกับเว็บไซต์ได้ แต่ต้องล็อกอินก่อน ::
  ล็อกอิน

รายการสื่อสารสนเทศ

ลำดับที่ ประเภท เลขเรียก/บาร์โค้ด สถานที่ สถานะ
1. งานวิจัย
งานวิจัย
วจ.WY18 ว387พ ฉ.1 
  Barcode: 026545
ห้องสมุดวิทยาเขตสวรรค์ประชารักษ์
►วิจัย
บนชั้น
2. งานวิจัย
งานวิจัย
วจ.WY18 ว387พ ฉ.2 
  Barcode: 031716
ห้องสมุดวิทยาเขตสวรรค์ประชารักษ์
►วิจัย
บนชั้น

รายการใกล้เคียง
    ผู้แต่ง [วัชรีพร อ่อนสด]

    หัวเรื่อง [วิทยาลัยพยาบาลบรมราชชนนี สวรรค์ประชารักษ์]

BibComment


ยังไม่เคยถูกคอมเมนท์

คอมเมนท์ทรัพยากรรายการนี้
  คอมเมนท์: พฤติกรรมเอื้ออาทร..


 Copyright 2026. Bcnsprnw @Library